Royal Brunei Airlines Destinations - Statistics

General Stats
  • This quiz has been taken 159 times
  • The average score is 14 of 18
Answer Stats
Country Answer % Correct
UAE Dubai
96%
UK London
96%
Indonesia Jakarta
95%
Australia Melbourne
95%
Thailand Bangkok
92%
South Korea Seoul
92%
China Shanghai
92%
Singapore Singapore
92%
Malaysia Kuala Lumpur
91%
Philippines Manila
90%
China Hong Kong
86%
Saudi Arabia Jeddah
80%
Vietnam Ho Chi Minh City
75%
Indonesia Denpasar
63%
Indonesia Surabaya
59%
Malaysia Kota Kinabalu
42%
China Zhengzhou
21%
Brunei Bandar seri Bagwan
11%
No matching quizzes found
Score Distribution
Percent of People with Each Score
Percentile by Number Answered
Your Score History
You have not taken this quiz